000 00533nam a22001817a 4500
005 20140812150822.0
010 _aENG-110365
020 _a9789350621714
_c395.00
035 _aEN-93897
037 _bDBAD/PUB
082 _a650.01513
100 _aBhardwaj, R. S.
245 _aMathematics and statistics for business /
_cby R. S. Bhardwaj
260 _aNew Delhi
_bExcel Books
_c2013
270 _aA-45, Naraina, Phase I
_bNew Delhi
_e110028
300 _ax,728p.
_c28cm(pbk)
942 _2ddc
_cEN
_mBHA
_h650.01513
999 _c86381
_d86381